000 00274nam a22001097a 4500
082 _a327
100 _aPanikkar K M
_924922
245 _aIndia and China : A Study of Cultural Relations
260 _aDelhi
_bL G Pub
_c2016
650 _ainternal Relation
_980806
942 _cBK
999 _c64051
_d64051